000 00735nam a2200277Ia 4500
001 Z_4345
003 CHAP
008 220113s1983 xx 000 0 und d
010 _a167415
040 _cCHAP
090 _aFolleto 233
100 _aCentro de Investigación Pecuarias del Estado de Sonora
_9141588
245 _a¿Un toro útil en el rancho es aquél que es muy brincador y da buenas crías? /
_cpor CIPES
260 _aCarbo, Sonora :
_bEl centro,
_c1983
300 _a17 p. ; ilus.
440 _aRancho; 1 (6)
_9141611
500 _a
503 _a
650 _aGanado vacuno
_xFecundidad
_945466
901 _aFolleto 233
902 _aA
910 _a1983
942 _cc14
942 _cc14
999 _c167415
_d167415